LEADER 01410nam a2200313 4500 001 000000360287 003 CaOOAMICUS 005 20241014094556.0 008 241014s2010 it 000 u ita r 020 $a978-88-344-2429-2 040 $aSeMil$bita 100 0 $aConfucius,$d<0551?-0479? a.C.>.$0(OLS)http://semarc/name/29647 240 10$aPréceptes de vie de Confucius.$0(OLS)http://semarc/title/450770 245 10$aConfucio maestro di vita :$b[la vita e gli insegnamenti di uno dei grandi pilastri della cultura cinese] /$ca cura di Alexis Lavis. 264 1$aMilano :$bArmenia,$c2010. 300 $a221 p. ;$c21 cm 490 1 $aLo scrigno special 650 4$aConfucianesimo - Testi.$0(OLS)http://semarc/subject/14000 700 1 $aLavis, Alexis,$d<1979- >.$0(OLS)http://semarc/name/120691 830 3$aLo scrigno special.$0(OLS)http://semarc/title/450769 850 $aSeMil 852 $aSeMil$W1$xVenegono$y1$m2X V 296$j251594$B251313$CSeMilBibl$Z2$F251313 $81 900 1 $aKong, Qiu. 961 $aBuzzi mons. Franco - Omaggio 996 $6020$a978-88-344-2429-2$9(OLS)http://semarc/number/301518 996 $6245$aConfucio maestro di vita :$b[la vita e gli insegnamenti di uno dei grandi pilastri della cultura cinese]$9(OLS)http://semarc/title/450768 996 $6264$aMilano :$bArmenia$9(OLS)http://semarc/publisher/31831 LEADER 01228nam a2200325 i 4500 001 000000061990 003 CaOOAMICUS 005 20210511141743.0 008 130405s2003 it u000 u ita u 013 $a33162 020 $a88-8476-061-5 040 $aSeMil$bita 100 0 $aDio : Chrysostomus,$d.$0(OLS)http://semarc/name/90800 245 10$aTroiano :$bOr. 11. /$cDione di Prusa ; a cura di Giuseppe Vagnone. 264 1$aRoma :$bEdizioni dell'Ateneo,$c2003. 300 $a211 p. ;$c24 cm. 490 1 $aTesti e commenti ;$v17 500 $aFondo card. C. M. Martini. 700 1 $aVagnone, Giuseppe.$0(OLS)http://semarc/name/31478 830 0$aTesti e commenti ;$v17.$0(OLS)http://semarc/title/435113 850 $aSeMil 852 $aSeMil$W1$xVenegono$y1$m1X IV 43$j28143$B28143$CSeMilBibl$Z2$F28146 $81 900 1 $aDione : di Prusa. 941 1 $a4 961 $aLascito: Martini Card. Carlo Maria 996 $6020$a88-8476-061-5$9(OLS)http://semarc/number/38391 996 $6245$aTroiano :$bOr. 11.$9(OLS)http://semarc/title/97534 996 $6264$aRoma :$bEdizioni dell'Ateneo$9(OLS)http://semarc/publisher/30989